Statistiques concernant Les Michel célèbres - Photos

Cliquez ici pour prendre le quiz!

Statistiques générales

  • Ce quiz a été pris 363 fois
  • Le résultat moyen est 12 sur 21

Statistiques - réponses

Réponse% Correct
Drucker
95%
Polnareff
88%
Sardou
86%
Blanc
85%
Galabru
78%
Cymes
77%
Platini
77%
Denisot
68%
Boujenah
66%
Fugain
63%
Delpech
58%
Leeb
56%
Serrault
50%
Rocard
42%
Hidalgo
33%
Legrand
32%
Bouquet
28%
Simon
28%
Field
25%
Piccoli
23%
Duchaussoy
11%

Distribution des résultats

Percentile par nombre de réponses

% des personnes avec chaque résultat

Votre développement - résultats

Vous n’avez pas pris ce quiz